000 00710nam a2200229 a 4500
001 000022108
005 20240411201133.0
008 100916s1959 sp r 000 0 spa d
040 _aDO-SdBNP
_bspa
_cBNPHU
082 _a345
_bP979d, 1959
100 1 _aPuig Peña, Federico,
_934526
245 1 0 _aDerecho Penal /
_cFederico Puig Peña.
250 _a5a ed.
260 _aBarcelona :
_bNauta,
_c1959.
300 _av. ;
_c24 cm.
490 1 _aParte especial ;
_v1
500 _aBiblioteca posee tomo III y tomo IV.
504 _aIncluye referencias bibliográficas y notas al pie de las páginas.
650 0 _aDerecho penal
_917405
830 0 _aParte especial ;
_n1
_945800
999 _a1
_n0000110
_c21606
_d21606
049 _aBNGR